|
|
|
|
| LEADER |
00000nam0a2200000 4500 |
| 001 |
121983 |
| 005 |
20231031125806.0 |
| 020 |
|
|
|a RU
|b 85-45991
|
| 035 |
|
|
|a (RuTPU)RU\TPU\book\132096
|
| 090 |
|
|
|a 121983
|
| 100 |
|
|
|a 20070925d1985 m y0rusy5003 ca
|
| 101 |
0 |
|
|a rus
|
| 102 |
|
|
|a RU
|
| 105 |
|
|
|a a j 001zy
|
| 200 |
1 |
|
|a Лабораторные работы по технологии строительной керамики и искусственных пористых заполнителей
|e учебное пособие для вузов
|f Г. И. Книгина, Э. Н. Вершинина, Л. Н. Тацки
|
| 205 |
|
|
|a 3-е изд., доп. и перераб.
|
| 210 |
|
|
|a Москва
|c Высшая школа
|d 1985
|
| 215 |
|
|
|a 223 с.
|c ил.
|
| 320 |
|
|
|a Библиогр.: с. 221.
|
| 610 |
1 |
|
|a керамические изделия строительные
|
| 610 |
1 |
|
|a заполнители пористые
|
| 610 |
1 |
|
|a керамика
|
| 610 |
1 |
|
|a производство
|
| 610 |
1 |
|
|a глинистое сырье
|
| 610 |
1 |
|
|a обжиговые свойства
|
| 610 |
1 |
|
|a технологические исследования
|
| 610 |
1 |
|
|a лабораторные работы
|
| 610 |
1 |
|
|a учебные пособия
|
| 675 |
|
|
|a 666.7(076.5)
|z rus
|
| 675 |
|
|
|a 666.972.1(076.5)
|z rus
|
| 700 |
|
1 |
|a Книгина
|b Г. И.
|g Галина Ивановна
|4 070
|
| 701 |
|
1 |
|a Вершинина
|b Э. Н.
|
| 701 |
|
1 |
|a Тацки
|b Л. Н.
|
| 801 |
|
0 |
|a RU
|b RuMRKP
|c 19950704
|g psbo
|
| 801 |
|
1 |
|a RU
|b 63413507
|c 20070925
|g PSBO
|
| 801 |
|
2 |
|a RU
|b 63413507
|c 20080924
|g PSBO
|
| 942 |
|
|
|c BK
|